Economic Organization in Chinese Society
保存先:
| 第一著者: | |
|---|---|
| フォーマット: | 図書 |
| 言語: | Undetermined |
| 出版事項: |
California
Stanford University Press
1972
|
| 主題: | |
| タグ: |
タグ追加
タグなし, このレコードへの初めてのタグを付けませんか!
|
| Thư viện lưu trữ: | Trung tâm Học liệu Trường Đại học Cần Thơ |
|---|
| LEADER | 00503nam a2200181Ia 4500 | ||
|---|---|---|---|
| 001 | CTU_90168 | ||
| 008 | 210402s9999 xx 000 0 und d | ||
| 082 | |a 330.9 | ||
| 082 | |b W664 | ||
| 100 | |a Willmott, W. E. | ||
| 245 | 0 | |a Economic Organization in Chinese Society | |
| 245 | 0 | |c W. E. Willmott | |
| 260 | |a California | ||
| 260 | |b Stanford University Press | ||
| 260 | |c 1972 | ||
| 650 | |a Economic conditions | ||
| 904 | |i Trọng Hải | ||
| 980 | |a Trung tâm Học liệu Trường Đại học Cần Thơ | ||